[Event "SVK-ch U16"]
[Site "Liptovsky Mikulas"]
[Date "2018.04.22"]
[Round "2"]
[White "Zahorcek, Jakub"]
[Black "Sivicek, Filip"]
[Result "1-0"]
[WhiteElo "1550"]
[BlackElo "1310"]
[PlyCount "89"]
[EventDate "2018.04.21"]
[EventType "swiss"]
[EventRounds "9"]
[EventCountry "SVK"]
[SourceTitle "CBM 184 Extra"]
[Source "ChessBase"]
[SourceDate "2018.06.28"]
[SourceVersion "1"]
[SourceVersionDate "2018.06.28"]
[SourceQuality "1"]

1. d4 d5 2. c4 c6 3. Nf3 Nf6 4. Nc3 Bf5 5. Bf4 e6 6. e3 Bd6 7. Be5 Qe7 8. Qb3 b6 9. Bxd6 Qxd6 10. Be2 Nbd7 11. 0-0 h6 12. Rac1 0-0 13. cxd5 cxd5 14. Nb5 Qe7 15. Rc7 a6 16. Na3 Ne8 17. Rc6 Nd6 18. Rfc1 b5 19. Qb4 Rfc8 20. h3 a5 21. Rxc8+ Rxc8 22. Rxc8+ Nxc8 23. Qxe7 Nxe7 24. Nxb5 Nc6 25. a3 Nb6 26. Nc3 Nc4 27. Bxc4 dxc4 28. e4 Bg6 29. d5 exd5 30. exd5 Nb8 31. Ne5 Bd3 32. Nc6 Nxc6 33. dxc6 Kf8 34. c7 Bf5 35. Nb5 Ke7 36. Na7 Kd6 37. c8Q Bxc8 38. Nxc8+ Kd5 39. Nb6+ Kc5 40. Na4+ Kd4 41. Kf1 Kd3 42. Nb6 g6 43. g4 g5 44. Kg2 c3 45. bxc3 1-0

[Event "SVK-ch U14"]
[Site "Liptovsky Mikulas"]
[Date "2016.04.21"]
[Round "7"]
[White "Ciglian, Michal"]
[Black "Sivicek, Filip"]
[Result "1-0"]
[WhiteElo "1369"]
[BlackElo "1207"]
[PlyCount "79"]
[EventDate "2016.04.16"]
[EventType "swiss"]
[EventRounds "9"]
[EventCountry "SVK"]
[SourceTitle "CBM 172 Extra"]
[Source "ChessBase"]
[SourceDate "2016.06.21"]
[SourceVersion "1"]
[SourceVersionDate "2016.06.21"]
[SourceQuality "1"]

1. d4 d5 2. c4 dxc4 3. Nc3 a6 4. Bf4 Nf6 5. e3 b5 6. a4 b4 7. Na2 Bb7 8. Nxb4 e5 9. dxe5 Bxb4+ 10. Ke2 Qxd1+ 11. Rxd1 Nfd7 12. Nf3 0-0 13. g3 Nb6 14. Ra1 a5 15. Bh3 Re8 16. Rhd1 Bxf3+ 17. Kxf3 Na6 18. Bd7 Nxd7 19. Rxd7 Rad8 20. Rad1 Rxd7 21. Rxd7 c6 22. Rd4 Nc5 23. Rxc4 Nxa4 24. Rxc6 Nxb2 25. Ra6 Nd3 26. Ke2 Nxf4+ 27. gxf4 Kf8 28. Kf3 Re6 29. Ra8+ Ke7 30. Ra7+ Kf8 31. Ra8+ Re8 32. Ra6 Bc3 33. e4 g6 34. Kg4 Re6 35. Ra8+ Kg7 36. Kf3 Rc6 37. Ke3 Bb4 38. Kf3 Rc3+ 39. Kg2 Re3 40. fxe3 1-0

[Event "SVK-ch U14"]
[Site "Liptovsky Mikulas"]
[Date "2016.04.16"]
[Round "1"]
[White "Zahorcek, Jakub"]
[Black "Sivicek, Filip"]
[Result "1-0"]
[WhiteElo "1571"]
[BlackElo "1207"]
[PlyCount "125"]
[EventDate "2016.04.16"]
[EventType "swiss"]
[EventRounds "9"]
[EventCountry "SVK"]
[SourceTitle "CBM 172 Extra"]
[Source "ChessBase"]
[SourceDate "2016.06.21"]
[SourceVersion "1"]
[SourceVersionDate "2016.06.21"]
[SourceQuality "1"]

1. e4 e5 2. Nf3 Nc6 3. d4 Nxd4 4. Nxd4 exd4 5. Qxd4 b6 6. Nc3 Bb7 7. Bc4 Qf6 8. Be3 Bc5 9. Qxf6 Nxf6 10. Bxc5 bxc5 11. f3 d6 12. 0-0 0-0 13. Rfe1 Rfe8 14. Rad1 Re7 15. Rd2 Rb8 16. b3 Bc6 17. Red1 a5 18. a4 Nd7 19. Bd5 Rb6 20. Bxc6 Rxc6 21. Nd5 Re8 22. c4 Nb8 23. Re1 f6 24. Kf2 Na6 25. g3 Nb4 26. Re3 Nxd5 27. exd5 Rxe3 28. Kxe3 Rb6 29. Rd3 Rb8 30. f4 Re8+ 31. Kf3 Kf7 32. Re3 Rxe3+ 33. Kxe3 f5 34. h3 h5 35. Kf3 Kf6 36. g4 h4 37. gxf5 Kxf5 38. Ke3 g6 39. Kf3 g5 40. fxg5 Kxg5 41. Ke4 Kh6 42. Kf5 Kh5 43. Ke6 Kg5 44. Kd7 Kf4 45. Kxc7 Kg3 46. Kxd6 Kxh3 47. Kxc5 Kg3 48. d6 h3 49. d7 h2 50. d8Q h1Q 51. Qg5+ Kf2 52. Qd2+ Kg3 53. Qxa5 Qh5+ 54. Kb4 Qd1 55. Qe5+ Kg4 56. c5 Qd2+ 57. Qc3 Qd7 58. c6 Qd6+ 59. Qc5 Qb8+ 60. Qb5 Qd6+ 61. Ka5 Qc7+ 62. Ka6 Qd6 63. Kb7 1-0

[Event "SVK-ch U12"]
[Site "Tatralandia"]
[Date "2015.04.21"]
[Round "5"]
[White "Ganz, Marek"]
[Black "Sivicek, Filip"]
[Result "0-1"]
[WhiteElo "1171"]
[BlackElo "1000"]
[PlyCount "80"]
[EventDate "2015.04.18"]
[EventType "swiss"]
[EventRounds "9"]
[EventCountry "SVK"]
[SourceTitle "CBM 166 Extra"]
[Source "ChessBase"]
[SourceDate "2015.06.18"]
[SourceVersion "1"]
[SourceVersionDate "2015.06.18"]
[SourceQuality "1"]

1. e4 e5 2. Nf3 Nc6 3. Bc4 Bc5 4. d3 Nf6 5. Bg5 0-0 6. 0-0 h6 7. Bh4 d6 8. h3 Be6 9. Bxe6 fxe6 10. Nc3 Qe8 11. Na4 Bb6 12. Nxb6 axb6 13. Re1 Qg6 14. Bg3 Nh5 15. Nh4 Qf7 16. Rf1 Nxg3 17. fxg3 Qe7 18. Ng6 Rxf1+ 19. Qxf1 Qg5 20. Nh4 Qxg3 21. Qf2 Qxf2+ 22. Kxf2 Nb4 23. c3 Rxa2 24. Rxa2 Nxa2 25. Ke1 Nc1 26. Kd2 Nb3+ 27. Kc2 Nc5 28. b4 Nd7 29. Nf3 Kf7 30. d4 exd4 31. Nxd4 Kf6 32. Kd3 d5 33. exd5 exd5 34. Nf3 c5 35. b5 Ne5+ 36. Nxe5 Kxe5 37. g3 d4 38. c4 g5 39. Ke2 Ke4 40. Kf2 d3 0-1